00305nam a2200109Ia 4500008004100000082000900041100002200050245003500072260001800107630003500125730003500160100328s9999 xx 000 0 und d b2746 aThomson Arthur J. aThe Outline Of Natural History bGeorge Newnes aThe Outline Of Natural History aThe Outline Of Natural History